John Willy and Freddy McGee / [Board Book] Holly ... Read More
Record details
- ISBN: 9780761453635 (board pages)
- ISBN: 0761453636 (board pages)
- Physical Description: 1 v. (unpaged) : col. ill. ; 14 x 16 cm.
- Edition: 1st Marshall Cavendish board book ed.
- Publisher: Tarrytown, N.Y. : Marshall Cavendish, 2007.
Content descriptions
| General Note: | Cover title. |
| Summary, etc.: | Two guinea pigs escape from their safe but boring ... Read More |
Search for related items by subject
| Subject: | Board books. Guinea pigs > Fiction. Board books. |
Search for related items by series
| LDR | 01495cam a2200385 a 4500 | ||
|---|---|---|---|
| 001 | 151639 | ||
| 003 | LARL_NWRL_CONSORTIUM | ||
| 005 | 20130422090129.0 | ||
| 008 | 080131r20071998nyua a 000 1 eng | ||
| 020 | . | ‡a9780761453635 (board pages) | |
| 020 | . | ‡a0761453636 (board pages) | |
| 035 | . | ‡a(OCoLC)166352563 | |
| 042 | . | ‡alcac | |
| 082 | 0 | 0. | ‡a[E] ‡222 |
| 100 | 1 | . | ‡aMeade, Holly. ‡0(LARL_NWRL_CONSORTIUM)105705 |
| 245 | 1 | 0. | ‡aJohn Willy and Freddy McGee / ‡h[Board Book] ‡cHolly Meade. |
| 250 | . | ‡a1st Marshall Cavendish board book ed. | |
| 260 | . | ‡aTarrytown, N.Y. : ‡bMarshall Cavendish, ‡c2007. | |
| 300 | . | ‡a1 v. (unpaged) : ‡bcol. ill. ; ‡c14 x 16 cm. | |
| 490 | 0 | . | ‡aBoard buddies |
| 500 | . | ‡aCover title. | |
| 520 | . | ‡aTwo guinea pigs escape from their safe but boring cage and have an adventure in the tunnels of the family's pool table. | |
| 650 | 0. | ‡aBoard books. ‡0(LARL_NWRL_CONSORTIUM)162180 | |
| 650 | 1. | ‡aGuinea pigs ‡vFiction. | |
| 650 | 1. | ‡aBoard books. ‡0(LARL_NWRL_CONSORTIUM)162180 | |
| 901 | . | ‡a151639 ‡bOCLC ‡c151639 ‡tbiblio | |

Add to basket
Permalink
Disable Highlighting